| 000 | 00672cam a2200229 a 4500 | ||
|---|---|---|---|
| 001 | 000011700 | ||
| 003 | OSt | ||
| 005 | 20251029110555.0 | ||
| 008 | 920818s1973 ve a b 001 0 spa | ||
| 040 |
_aDO-SdBNP _bspa _cBNPHU |
||
| 082 |
_a638.12 _bR621a |
||
| 100 | 1 |
_aRivero Oramás, Rafael. _d(1904 - 1992) _927732 |
|
| 245 | 1 | 0 |
_aAbejas criollas sin aguijón / _cRafael Rivero Oramás. |
| 260 |
_aCaracas : _bMonte Ávila, _c1973. |
||
| 300 |
_a110 p. : _bil. ; _c16 cm. |
||
| 490 | 1 |
_aCientífica _v25 |
|
| 504 | _aBibliografía : p. 106-110). | ||
| 650 | 4 |
_aAbejas _zVenezuela. _927733 |
|
| 830 | 0 |
_976681 _a Científica, 25. |
|
| 942 |
_2ddc _cLF1 |
||
| 956 | _aLOPEREZ | ||
| 999 |
_c11381 _d11381 |
||